LEADER 00955nam a2200217 i 4500 001 000000044959 003 CaOOAMICUS 005 20091104000000.0 008 091104s1974 pl u000 u pol u 013 $a16129 040 $aSeMil$bita 100 1 $aZuberbier, Andrzej.$0(OLS)http://semarc/name/22375 245 10$aMaterialy do teorii teologii praktycznej :$bskrypt dla studentów /$cAndrzej Zuberbier. 260 $aWarszawa :$bAkademia Teologii Katolickiej,$c1974. 300 $a176 p. ;$c24 cm. 500 $aSunto dell'opera in francese, pp. 175-176. 650 4$aTeologia pratica - Atti di congressi.$0(OLS)http://semarc/subject/744 850 $aSeMil 852 $aSeMil$W1$xVenegono$y1$m2B V 157$j11114$B11114$CSeMilBibl$Z2$F11114 $81 996 $6245$aMaterialy do teorii teologii praktycznej :$bskrypt dla studentów$9(OLS)http://semarc/title/66703 996 $6260$aWarszawa :$bAkademia Teologii Katolickiej$9(OLS)http://semarc/publisher/30824 LEADER 01075nam a2200253 i 4500 001 000000069846 003 CaOOAMICUS 005 20080215000000.0 008 080215s1970 it u000 u ita u 013 $a41018 040 $aSeMil$bita 100 1 $aGalilei, Galileo,$d<1564-1642>.$0(OLS)http://semarc/name/1101 245 10$aScritti letterari /$cGalileo Galilei ; a cura di Alberto Chiari. 260 $aFirenze :$bLe Monnier,$c1970. 300 $aXXXI, 696 p. ;$c19 cm. 500 $aContiene : Appendice. - In occhietto : Dedica autografa. - Fondo Card. Giovanni Colombo. 650 4$aGalilei, Galileo <1564-1642> - Opere letterarie - Antologie.$0(OLS)http://semarc/subject/13883 700 1 $aChiari, Alberto,$d<1900-1998>.$0(OLS)http://semarc/name/1542 850 $aSeMil 852 $aSeMil$W1$xVenegono$y1$m1G VI 29$j35999$B35999$CSeMilBibl$Z2$F36002 $81 941 1 $a3 961 $aLascito: Colombo Card. Giovanni 996 $6245$aScritti letterari$9(OLS)http://semarc/title/19295 996 $6260$aFirenze :$bLe Monnier$9(OLS)http://semarc/publisher/30060